01075cam a2200325 a 450000100060000000300100000600500170001600700030003300800410003602000180007702000150009504000260011008200160013608400110015210000340016324500470019725000120024430000200025633600270027633700330030333800280033649000190036450000450038350000690042865000450049794200120054299000490055499900170060395201290062058955CO-BoRNBP20250830152102.0ta190916s2019 ck gr 000 fdspa  a9789584279507 a9584279505 aCO-BoBNbspacCO-BoBN04aCo863.5223 aN BEC71 aBecerra, Angela,d1957-9229613aEl penúltimo sueño /cÁngela Becerra a1a. ed. a488 p. ;c19 cm 2rdacontentatextobtxt 2rdamediaasin mediaciónbn 2rdacarrieravolumenbnc0 aBooket. Novela aIncluye datos biográficos de la autora a"Premio Azorín de la Diputación Provincial de Alicante 2005"14aNovela colombianaySiglo XXI2LEMB91602 2ddccBK a2019-7307bEditorial Planeta Colombiana S.A. c58955d58955 00102lcc40708GENaMESJUANIbMESJUANIcLITd2025-08-30l0oN BEC7pSJU02077r2025-08-30 15:21:26tEj.1w2025-08-30yBKLIT